Urban management programme : (Record no. 7510)

MARC details
000 -LEADER
fixed length control field 00567nam a22001932 4500
001 - CONTROL NUMBER
control field 0000007385
005 - DATE AND TIME OF LATEST TRANSACTION
control field 20151217152030.0
008 - FIXED-LENGTH DATA ELEMENTS--GENERAL INFORMATION
fixed length control field 080118s xx 000 0 eng d
020 ## - INTERNATIONAL STANDARD BOOK NUMBER
Terms of availability KES
040 ## - CATALOGING SOURCE
Original cataloging agency KABU
Transcribing agency KABU
245 10 - TITLE STATEMENT
Title Urban management programme :
Remainder of title programme report 1996-97.
260 ## - PUBLICATION, DISTRIBUTION, ETC. (IMPRINT)
Place of publication, distribution, etc. Nairobi :
Name of publisher, distributor, etc. UMP,
Date of publication, distribution, etc. 1998.
300 ## - PHYSICAL DESCRIPTION
Extent 45 p.
650 #0 - SUBJECT ADDED ENTRY--TOPICAL TERM
Topical term or geographic name as entry element Urban management.
-- 0000158615
852 1# - LOCATION
-- p350 KES
852 1# - LOCATION
-- p350 KES
908 ## - PUT COMMAND PARAMETER (RLIN)
Put command parameter 080118
950 ## - LOCAL HOLDINGS (RLIN)
-- 1
Holdings
Withdrawn status Lost status Source of classification or shelving scheme Not for loan Home library Current library Date acquired Total Checkouts Full call number Barcode Date last seen Price effective from Koha item type
    Library of Congress Classification   Kabarak, Main Campus Kabarak, Main Campus 17/12/2015   HT149.5 U73 1998 c. 1 011922 17/12/2015 17/12/2015 General Collection
    Library of Congress Classification   Kabarak, Main Campus Kabarak, Main Campus 17/12/2015   HT149.5 U73 1998 c. 2 16593 17/12/2015 17/12/2015 General Collection
Designed with assistance from East African Informatics Ltd